A trip through the lakes of North America : embracing a full description of the St. Lawrence River, together with all the principal places on its banks, from its source to its mouth, commerce of the lakes, etc., forming altogether a complete guide for the pleasure traveler and emigrant.

Bibliographic Details
Main Author: Disturnell, John, 1801-1877
Format: Book
Language:English
Published: New York : J. Disturnell, 1857.
Subjects:

MARC

Tag First Indicator Second Indicator Subfields
LEADER 00000cam a2200000 i 4500
001 in00000098901
005 20150926125537.0
008 780707r19771857kyuab b 00010 eng d
035 |a (OCoLC)04030828 
035 |9 AAL3580AM 
040 |a DLC  |c RRR  |d RRR  |d TXA  |d UtOrBLW 
043 |a n------  |a nl-----  |a n-cn-on 
049 |a TXAI 
099 |a fiche  |a C  |a 2002 
100 1 |a Disturnell, John,  |d 1801-1877. 
245 1 2 |a A trip through the lakes of North America :  |b embracing a full description of the St. Lawrence River, together with all the principal places on its banks, from its source to its mouth, commerce of the lakes, etc., forming altogether a complete guide for the pleasure traveler and emigrant. 
264 1 |a New York :  |b J. Disturnell,  |c 1857. 
300 |a 386 pages :  |b illustrations, maps (1 folded) ;  |c 19 cm. 
336 |a text  |b txt  |2 rdacontent 
337 |a microform  |b h  |2 rdamedia 
338 |a microfiche  |b he  |2 rdacarrier 
500 |a Microfiche. Louisville, Ky. : Lost Cause Press, 1977. -- 6 sheets ; 10.5 x 14.8 cm. -- (Sabin, Joseph, 1821-1881. [Bibliotheca Americana] Selected Americana. [Microfiche edition]) -- (Fiche book). 
500 |a "Sabin: 20324." 
500 |a "Copied from the original in the Library of Congress." 
500 |a Microform. 
651 0 |a Great Lakes (North America)  |x Description and travel  |x Guidebooks. 
651 0 |a Ontario  |x Description and travel. 
651 0 |a Michigan  |x Description and travel. 
651 0 |a Champlain, Lake  |x Description and travel. 
651 0 |a Saint Lawrence River  |x Description and travel. 
999 |a MARS 
999 f f |s 16d92898-562e-3d24-834e-6984c6667629  |i 790e7bd2-3a90-344e-a634-6416fc4869c5  |t 0 
952 f f |p normal  |a Texas A&M University  |b College Station  |c Sterling C. Evans Library  |d Evans: Microforms (3rd floor)  |t 0  |e fiche C 2002  |h Other scheme  |i microform -- microfiche  |m A14820791563 
998 f f |a fiche C 2002  |t 0  |l Evans: Microforms (3rd floor)